| 000 | 01097cam a2200313 i 4500 | ||
|---|---|---|---|
| 001 | 14739230 | ||
| 003 | EG-ScBUE | ||
| 005 | 20250305102757.0 | ||
| 008 | 070220t2007 gw a f b 001 0 eng d | ||
| 020 | _a9783540711155 | ||
| 040 |
_aBTCTA _beng _erda _cBTCTA _dYDXCP _dBAKER _dOHX _dSTF _dCUS _dYUS _dDLC _dEG-ScBUE |
||
| 082 | 0 | 4 |
_222 _a530 _bAPP |
| 245 | 0 | 0 |
_aApproaches to fundamental physics : _ban assessment of current theoretical ideas / _ceditors Ion-Olimpiu Stamatescu, Erhard Seiler. |
| 264 | 1 |
_aBerlin : _bSpringer, _c[2007] |
|
| 264 | 4 | _cc2007 | |
| 300 |
_axi, 422 pages : _billustrations ; _c24 cm. |
||
| 336 |
_2rdacontent _atext _btxt |
||
| 337 |
_aunmediated _2rdamedia _bn |
||
| 338 |
_avolume _bnc _2rdacarrier |
||
| 490 | 0 |
_aLecture notes in physics ; _v721 |
|
| 504 | _aIncludes bibliographical references and index. | ||
| 650 | 7 |
_aMathematical physics. _2BUEsh _96575 |
|
| 651 | _2BUEsh | ||
| 653 |
_bGGEN _cJanuary2018 |
||
| 655 | _vReading book | ||
| 700 | 1 |
_aStamatescu, I.-O. _q(Ion-Olimpiu), _d1941- _eeditor. |
|
| 700 | 1 |
_aSeiler, Erhard, _d1942- _eeditor. |
|
| 942 |
_2ddc _cBB |
||
| 999 |
_c26041 _d26013 |
||